000 01453cam a2200409 a 4500
001 2124
003 FISKH
005 20251126120427.0
008 061103s2007 maua b 000 1 eng
010 _a 2006052585
020 _a9780763628345 (trade bdg. : alk. paper)
020 _a0763628344 (trade bdg. : alk. paper)
020 _a9780545116909
035 _a(OCoLC)ocm76821181
035 _a(OCoLC)76821181
040 _aDLC
_cDLC
_dDLC
_beng
042 _alcac
050 0 0 _aPZ7.M478419
_bSsy 2007
082 0 0 _a813.6
_222
100 1 _aMcDonald, Megan.
245 1 0 _aStink and the world's worst super-stinky sneakers /
_cMegan McDonald ; illustrated by Peter H. Reynolds.
250 _aFirst Scholastic printing, October 2008
260 _aNew York :
_bScholastic,
_c2007
300 _a130 pages :
_billustrations ;
_c20 cm
505 _aN
520 _aA class visit to the Gross-Me-Out exhibit at the science museum inspires Stink Moody to create a variety of terrible smells to put on the sneakers he plans to enter in the World's Worst Super-Stinky Sneaker contest.
521 8 _a540
_bLexile
521 8 _aN
_bRaz-Plus
650 0 _aSmell
_vJuvenile fiction.
650 0 _aContests
_vJuvenile fiction.
650 0 _aHumorous stories.
650 1 _aSmell
_vFiction.
650 1 _aContests
_vFiction.
650 1 _aHumorous stories.
906 _a7
_bcbc
_corignew
_d1
_eocip
_f20
_gy-gencatlg
942 _2ddc
_cBK
_n0
999 _c2124
_d2124